000 00994cam a2200289 4500
001 J3441
008 090401t1992 xxu||||| |||| 00| 0 eng d
035 _a(Sirsi) u55054
041 _aeng
050 _a333.2
110 _aLand Trusts Association
_93224
245 _aOccasional papers. - No. 1 (October 1992)
260 _bLand Trusts Association
_c1992
300 _a18p. ; 21cm.
350 _a0
520 _aPapers:- Ernest Cook`s elephant./ MALLESON, J. - Landownership occupation and management./ MILES, C. - Land the ultimate resource./ GREEN, J. - Land use: some thoughts on sustainability in agriculture./ MERRICK, P. - The history of Marks Hall. - The Rural Housing Trust.
650 _aCHARITABLE LAND TRUSTS
650 _aERNEST COOK TRUST
650 _aESTATE MANAGEMENT
650 _aLand use
_96251
650 _aMARKS HALL
650 _aRURAL HOUSING TRUST
650 _aTHOMAS PHILLIPS PRICE TRUST
690 _aLAND
942 _n0
948 _c04/03/1997
999 _c93550
_d93550